000 00339nam a2200145Ia 4500
008 191201s2011 xx 000 0 und d
082 _a629.831
_bKUD
100 _aKUO, Benjamin C
245 0 _aDigital Control Systems
250 _aImp
260 _aN. Delhi
_bOxford
_c2011
300 _a751
650 _aM.Tech (ECE)
942 _2ddc
_cBK
999 _c5005
_d5005